[Event "Seoul Korea Masters"]
[Site "Seoul"]
[Date "2021.12.08"]
[Round "4"]
[White "Kim, Inguh"]
[Black "Chon, Yongjoon"]
[Result "1-0"]
[WhiteElo "1901"]
[BlackElo "1857"]
[PlyCount "111"]
[EventDate "2021.12.06"]
[EventType "tourn"]
[EventRounds "7"]
[EventCountry "KOR"]
[SourceTitle "EXT 2023"]
[Source "ChessBase"]
[SourceDate "2022.10.05"]
[SourceVersion "1"]
[SourceVersionDate "2022.10.05"]
[SourceQuality "1"]

1. e4 d5 2. exd5 Qxd5 3. Nc3 Qe5+ 4. Be2 c6 5. d4 Qc7 6. Nf3 Bf5 7. Ne5 Nd7 8. Bf4 Nxe5 9. Bxe5 Qa5 10. g4 Bg6 11. h4 h6 12. h5 Bh7 13. Qd2 Nf6 14. b4 Qd8 15. g5 hxg5 16. Qxg5 Nd5 17. Qg3 f6 18. h6 g6 19. Bf4 e5 20. dxe5 Bxb4 21. Bd2 Qa5 22. Ne4 Bxd2+ 23. Nxd2 0-0-0 24. exf6 Nxf6 25. 0-0-0 Qxa2 26. Bc4 Qa1+ 27. Nb1 Rxd1+ 28. Rxd1 Re8 29. Bf7 Re5 30. Qd3 Nd5 31. c4 Re7 32. Bxd5 cxd5 33. Qxd5 Qh8 34. Qd6 Rc7 35. c5 g5 36. Rd5 Bxb1 37. Kxb1 Qe8 38. Re5 Qb5+ 39. Kc2 Qc4+ 40. Kd2 Qf4+ 41. Ke1 Qc1+ 42. Ke2 Qc4+ 43. Kf3 Rf7+ 44. Kg2 Qg4+ 45. Kf1 Qh3+ 46. Ke1 Qh1+ 47. Kd2 Rxf2+ 48. Re2 Rxe2+ 49. Kxe2 Qe4+ 50. Kd2 Qg2+ 51. Kd3 Qf3+ 52. Kd4 Qf2+ 53. Ke5 Qf4+ 54. Ke6 Qe4+ 55. Kf6 g4 56. Qe6+ 1-0

[Event "Online Olym Div3 A"]
[Site "Chess.com INT"]
[Date "2020.08.09"]
[Round "9.4"]
[White "Jessel, Stephen"]
[Black "Kim, Inguh"]
[Result "1-0"]
[WhiteElo "2297"]
[BlackElo "1900"]
[PlyCount "99"]
[EventDate "2020.08.07"]
[EventType "team-tourn (rapid)"]
[EventRounds "9"]
[EventCountry "USA"]
[SourceTitle "CBM 198"]
[Source "ChessBase"]
[SourceDate "2020.10.31"]
[SourceVersion "1"]
[SourceVersionDate "2020.10.31"]
[SourceQuality "1"]
[WhiteTeam "Ireland"]
[BlackTeam "South Korea"]
[WhiteTeamCountry "IRL"]
[BlackTeamCountry "KOR"]

1. Nf3 d5 2. c4 e6 3. g3 Nf6 4. Bg2 Be7 5. 0-0 0-0 6. b3 Nbd7 7. Bb2 c6 8. Qc2 b6 9. d4 Bb7 10. Nc3 Rc8 11. e4 Nxe4 12. Nxe4 dxe4 13. Qxe4 Nf6 14. Qe2 c5 15. Rfd1 Qc7 16. dxc5 Bxc5 17. Ne5 Rfd8 18. Ng4 Nxg4 19. Qxg4 Bf8 20. Bf6 Rxd1+ 21. Rxd1 Bxg2 22. Kxg2 Kh8 23. Bb2 Rd8 24. Rxd8 Qxd8 25. Qf3 Kg8 26. Bc1 Bc5 27. Qb7 a5 28. Bf4 h6 29. h4 Qd4 30. Be3 Qd6 31. Qc8+ Qf8 32. Qxf8+ Kxf8 33. Kf3 Ke7 34. h5 Bxe3 35. Kxe3 g6 36. hxg6 fxg6 37. f4 Kf6 38. Ke4 g5 39. a3 g4 40. b4 axb4 41. axb4 h5 42. Kd4 Ke7 43. Ke3 Kd6 44. Ke4 Ke7 45. f5 Kf6 46. fxe6 Kxe6 47. Kf4 Kf6 48. c5 b5 49. Ke4 Ke6 50. Kd4 1-0

[Event "Online Olym Div3 A"]
[Site "Chess.com INT"]
[Date "2020.08.08"]
[Round "5.5"]
[White "Kim, Inguh"]
[Black "Duneas, John"]
[Result "1/2-1/2"]
[WhiteElo "1900"]
[BlackElo "2147"]
[PlyCount "108"]
[EventDate "2020.08.07"]
[EventType "team-tourn (rapid)"]
[EventRounds "9"]
[EventCountry "USA"]
[SourceTitle "CBM 198"]
[Source "ChessBase"]
[SourceDate "2020.10.31"]
[SourceVersion "1"]
[SourceVersionDate "2020.10.31"]
[SourceQuality "1"]
[WhiteTeam "South Korea"]
[BlackTeam "New Zealand"]
[WhiteTeamCountry "KOR"]
[BlackTeamCountry "NZL"]

1. e4 e6 2. d4 d5 3. Nd2 Nf6 4. e5 Nfd7 5. c3 c5 6. Bd3 Nc6 7. Ne2 cxd4 8. cxd4 f6 9. exf6 Nxf6 10. Nf3 Bd6 11. 0-0 Qc7 12. Bg5 0-0 13. Rc1 a6 14. Bh4 g6 15. Bg3 Bxg3 16. Nxg3 Qb6 17. Qb3 Qxb3 18. axb3 Bd7 19. Rfe1 Nb4 20. Ne5 Rac8 21. Rc3 Nxd3 22. Nxd3 Rxc3 23. bxc3 Rc8 24. Rc1 b6 25. Ne5 Be8 26. f3 Nd7 27. Nxd7 Bxd7 28. Ne2 a5 29. Nf4 Kf7 30. Nd3 Ke7 31. Kf2 Be8 32. h4 Kd6 33. g4 Bb5 34. Ne5 Rc7 35. g5 a4 36. bxa4 Bxa4 37. Ke3 Bb5 38. Kd2 Bc4 39. Ra1 Rb7 40. Ng4 b5 41. Ra6+ Ke7 42. Ne5 b4 43. Nxc4 dxc4 44. cxb4 Rxb4 45. Ra7+ Kf8 46. Ke3 c3 47. Rc7 Rb3 48. Ke4 Ke8 49. f4 Kd8 50. Rc4 Kd7 51. Ke5 Rb5+ 52. Ke4 Rb3 53. Ke5 Rb5+ 54. Ke4 Rb3 1/2-1/2

[Event "Bangkok Cha Am op 18th"]
[Site "Bangkog"]
[Date "2018.04.13"]
[Round "1"]
[White "Kim, Inguh"]
[Black "Enkhtuul, Altanulzii"]
[Result "0-1"]
[WhiteElo "1831"]
[BlackElo "2292"]
[PlyCount "85"]
[EventDate "2018.04.13"]
[EventType "swiss"]
[EventRounds "9"]
[EventCountry "THA"]
[SourceTitle "CBM 184 Extra"]
[Source "ChessBase"]
[SourceDate "2018.06.28"]
[SourceVersion "1"]
[SourceVersionDate "2018.06.28"]
[SourceQuality "1"]

1. e4 Nf6 2. e5 Nd5 3. d4 d6 4. c4 Nb6 5. f4 dxe5 6. fxe5 c5 7. d5 e6 8. Nc3 exd5 9. cxd5 c4 10. Qd4 Bb4 11. Bxc4 Nc6 12. Qe4 Nxc4 13. dxc6 Bxc3+ 14. bxc3 Na5 15. Nf3 Nxc6 16. 0-0 Be6 17. c4 Qe7 18. Bg5 Qc5+ 19. Be3 Qxc4 20. Qxc4 Bxc4 21. Rfc1 Bd5 22. Rc5 Bxf3 23. gxf3 0-0-0 24. Rb1 Rd3 25. Rb3 Rhd8 26. Rcc3 Rxc3 27. Rxc3 Rd1+ 28. Kf2 Kd7 29. Kg3 Ke6 30. Kf4 Rd5 31. Rc5 Rxc5 32. Bxc5 b6 33. Bf8 g6 34. Bg7 b5 35. Ke4 a5 36. f4 Nb4 37. a3 Nd5 38. Bf8 f5+ 39. Kf3 b4 40. axb4 axb4 41. Bc5 b3 42. Bd4 Nb6 43. Ke3 0-1

[Event "AUS-ch Major"]
[Site "Cammeray"]
[Date "2018.01.10"]
[Round "9"]
[White "Slater Jones, Tom"]
[Black "Kim, Inguh"]
[Result "1-0"]
[WhiteElo "2038"]
[BlackElo "1860"]
[PlyCount "83"]
[EventDate "2018.01.02"]
[EventType "swiss"]
[EventRounds "11"]
[EventCountry "AUS"]
[SourceTitle "CBM 182 Extra"]
[Source "ChessBase"]
[SourceDate "2018.02.23"]
[SourceVersion "1"]
[SourceVersionDate "2018.02.23"]
[SourceQuality "1"]

1. d4 f5 2. Bg5 h6 3. Bh4 g5 4. Bg3 Nf6 5. e3 Bg7 6. Nc3 d6 7. h4 g4 8. h5 Be6 9. Nge2 Bf7 10. Nf4 0-0 11. Bd3 Qd7 12. Qe2 Nc6 13. 0-0-0 a6 14. Ng6 Rfe8 15. Bh4 Nxh5 16. f3 Bxg6 17. fxg4 Nf6 18. Bxf6 exf6 19. Qf2 Ne7 20. gxf5 Bxf5 21. e4 Bh7 22. Qg3 Kh8 23. Rh5 c6 24. Rdh1 Ng8 25. Ne2 Bxe4 26. Nf4 d5 27. Ng6+ Kh7 28. Nh4 Qf7 29. Nf5 Re6 30. Qf4 Qg6 31. g4 Bxd3 32. cxd3 Rae8 33. Kd1 Re2 34. Kc1 Re1+ 35. Rxe1 Rxe1+ 36. Kd2 Re8 37. Nh4 Qxh5 38. gxh5 Ne7 39. Qc7 Kg8 40. Qxb7 f5 41. Qd7 Kf7 42. Nxf5 1-0

[Event "AUS-ch Major"]
[Site "Cammeray"]
[Date "2018.01.04"]
[Round "4"]
[White "Kim, Inguh"]
[Black "Ranganathan, Parunithan"]
[Result "1-0"]
[WhiteElo "1860"]
[BlackElo "1769"]
[PlyCount "61"]
[EventDate "2018.01.02"]
[EventType "swiss"]
[EventRounds "11"]
[EventCountry "AUS"]
[SourceTitle "CBM 182 Extra"]
[Source "ChessBase"]
[SourceDate "2018.02.23"]
[SourceVersion "1"]
[SourceVersionDate "2018.02.23"]
[SourceQuality "1"]

1. e4 c5 2. Nf3 d6 3. d4 cxd4 4. Nxd4 Nf6 5. Nc3 a6 6. Be3 b5 7. a4 b4 8. Nd5 e5 9. Nb3 Nbd7 10. Nxb4 Bb7 11. f3 Nxe4 12. fxe4 Qh4+ 13. Kd2 Qxe4 14. Nd3 Rc8 15. Qe2 Qc4 16. Kd1 Qd5 17. Qd2 Nf6 18. Nb4 Qe4 19. Bd3 Qg4+ 20. Kc1 d5 21. Nxa6 d4 22. Bb5+ Bc6 23. Bxd4 exd4 24. Re1+ Be7 25. Nxd4 Bxb5 26. axb5 0-0 27. Rxe7 Rfd8 28. Ra4 Ne4 29. Qe3 Rxc2+ 30. Kxc2 Qxg2+ 31. Qe2 1-0

[Event "Olympiad-42"]
[Site "Baku"]
[Date "2016.09.11"]
[Round "9.2"]
[White "Kim, Inguh"]
[Black "Ortiz, Marcos"]
[Result "0-1"]
[WhiteElo "1918"]
[BlackElo "2219"]
[PlyCount "131"]
[EventDate "2016.09.02"]
[EventType "team-swiss"]
[EventRounds "11"]
[EventCountry "AZE"]
[SourceTitle "CBM 175"]
[Source "ChessBase"]
[SourceDate "2016.11.10"]
[SourceVersion "1"]
[SourceVersionDate "2016.11.10"]
[SourceQuality "1"]
[WhiteTeam "South Korea"]
[BlackTeam "Nicaragua"]
[WhiteTeamCountry "KOR"]
[BlackTeamCountry "NCA"]

1. d4 Nf6 2. Bf4 g6 3. Nf3 Bg7 4. e3 d6 5. h3 0-0 6. Be2 c5 7. c3 Be6 8. Nbd2 Qb6 9. Qc2 cxd4 10. exd4 Nc6 11. Nc4 Qc7 12. Ne3 Nd5 13. Nxd5 Bxd5 14. Qd2 Rfe8 15. 0-0 Rad8 16. Bg5 Rd7 17. Nh2 f5 18. Bf3 Bf7 19. Be2 a6 20. b3 e5 21. d5 Ne7 22. c4 Kh8 23. Bh6 Bf6 24. Bg5 Bg7 25. Bh6 Bf6 26. Bg5 Ng8 27. Bxf6+ Nxf6 28. Nf3 Ne4 29. Qe3 Qc5 30. Qxc5 dxc5 31. h4 h6 32. Rfe1 Nd6 33. Bf1 e4 34. Nh2 g5 35. hxg5 hxg5 36. Rac1 Bg6 37. Rc3 Rh7 38. f3 Kg7 39. fxe4 Nxe4 40. Rh3 Rxh3 41. gxh3 Kf6 42. Nf3 Bh5 43. Kg2 Bxf3+ 44. Kxf3 Nd2+ 45. Kf2 Rxe1 46. Kxe1 Ne4 47. Bd3 Nd6 48. Ke2 Ke5 49. Ke3 b5 50. a3 bxc4 51. Bxc4 a5 52. a4 Nc8 53. Ba6 Ne7 54. Bb7 Nxd5+ 55. Kd3 Nb6 56. Ke3 c4 57. b4 axb4 58. a5 b3 59. Kd2 Na4 60. a6 c3+ 61. Kd3 b2 62. Kc2 Kd4 63. a7 Nb6 64. a8Q Nxa8 65. Bxa8 f4 66. Bc6 0-1

[Event "Olympiad-41"]
[Site "Tromsoe"]
[Date "2014.08.11"]
[Round "9.1"]
[White "De Mey, Juan Pablo"]
[Black "Kim, Inguh"]
[Result "1-0"]
[WhiteElo "1937"]
[BlackElo "1829"]
[PlyCount "67"]
[EventDate "2014.08.02"]
[EventType "team-swiss"]
[EventRounds "11"]
[EventCountry "NOR"]
[SourceTitle "CBM 162"]
[Source "ChessBase"]
[SourceDate "2014.09.17"]
[SourceVersion "1"]
[SourceVersionDate "2014.09.17"]
[SourceQuality "1"]
[WhiteTeam "Aruba"]
[BlackTeam "South Korea"]
[WhiteTeamCountry "ARN"]
[BlackTeamCountry "KOR"]

1. e4 e5 2. Nf3 Nc6 3. Bc4 Nf6 4. Ng5 d5 5. exd5 Na5 6. Bb5+ c6 7. dxc6 bxc6 8. Bd3 Be7 9. 0-0 0-0 10. Nc3 h6 11. Nf3 Qc7 12. Re1 Bd6 13. b4 Nb7 14. Bb2 Bg4 15. h3 Bxf3 16. Qxf3 Bxb4 17. Ne4 Nd5 18. Qf5 f6 19. c3 Bd6 20. Ng3 Nc5 21. Qh7+ Kf7 22. Bg6+ Ke6 23. Bf5+ Kf7 24. Qg6+ Kg8 25. Qh7+ Kf7 26. Nh5 Rg8 27. d4 Nd7 28. Qg6+ Ke7 29. dxe5 Bxe5 30. Ba3+ c5 31. Bxd7 Kxd7 32. Rad1 Kc6 33. Qe4 Qf7 34. c4 1-0

[Event "Asia Cities-ch 18th"]
[Site "Tagaytay City"]
[Date "2013.10.24"]
[Round "7.2"]
[White "Kamarunsalehin, Awangku"]
[Black "Kim, Inguh"]
[Result "1/2-1/2"]
[WhiteElo "1882"]
[BlackElo "1805"]
[PlyCount "162"]
[EventDate "2013.10.20"]
[EventType "team-swiss"]
[EventRounds "9"]
[EventCountry "PHI"]
[SourceTitle "EXT 2014"]
[Source "ChessBase"]
[SourceDate "2013.11.20"]
[SourceVersion "1"]
[SourceVersionDate "2013.11.20"]
[SourceQuality "1"]
[WhiteTeam "Begawan"]
[BlackTeam "Seoul"]
[WhiteTeamCountry "BRN"]
[BlackTeamCountry "KOR"]

1. d4 f5 2. g3 Nf6 3. Bg2 e6 4. c4 Be7 5. Qc2 0-0 6. Nd2 Nc6 7. Ngf3 d5 8. 0-0 Ne4 9. b3 g5 10. Bb2 Bd7 11. Ne5 Nxe5 12. dxe5 c6 13. Rad1 Be8 14. Nxe4 fxe4 15. Bxe4 Rf7 16. Bg2 Qb6 17. Bh3 Bd7 18. e3 Raf8 19. Bd4 Qa6 20. c5 Rg7 21. Bg4 Qa5 22. a3 Qc7 23. b4 a6 24. a4 Qc8 25. Be2 g4 26. b5 cxb5 27. axb5 Bxb5 28. Bxb5 axb5 29. Rb1 Qc6 30. Qb3 Bxc5 31. Qxb5 Qxb5 32. Rxb5 b6 33. Bxc5 bxc5 34. Rxc5 Rg5 35. Ra1 Rxe5 36. Ra4 h5 37. Rc7 Ref5 38. Raa7 R5f7 39. Rxf7 Rxf7 40. Ra6 Rf6 41. Ra7 Rf7 42. Ra6 Re7 43. Kg2 Kg7 44. f3 gxf3+ 45. Kxf3 Rf7+ 46. Kg2 Kf6 47. h3 Ke5 48. Ra4 Rg7 49. Rh4 Rg5 50. Kf3 Rf5+ 51. Ke2 Rg5 52. Kf3 Rf5+ 53. Ke2 Kf6 54. g4 hxg4 55. Rxg4 Rh5 56. h4 e5 57. Kf3 Kf5 58. Kg3 Rh6 59. Kf3 Ke6 60. Kg3 Kf5 61. Kf3 Kf6 62. Kg3 Rh5 63. Ra4 e4 64. Kg4 Rh8 65. Ra6+ Ke5 66. Rg6 Ra8 67. h5 Ra1 68. Rg5+ Ke6 69. h6 Rh1 70. Rh5 Rg1+ 71. Kf4 Rf1+ 72. Kg3 Rg1+ 73. Kf2 Rg8 74. h7 Rh8 75. Kg3 Kf6 76. Kf4 Kg6 77. Rh2 Rxh7 78. Rxh7 Kxh7 79. Ke5 Kg6 80. Kxd5 Kf6 81. Kxe4 Ke6 1/2-1/2

[Event "Asia Cities-ch 18th"]
[Site "Tagaytay City"]
[Date "2013.10.22"]
[Round "4.2"]
[White "Kim, Inguh"]
[Black "Ganbold, Choidog"]
[Result "0-1"]
[WhiteElo "1805"]
[BlackElo "2171"]
[PlyCount "102"]
[EventDate "2013.10.20"]
[EventType "team-swiss"]
[EventRounds "9"]
[EventCountry "PHI"]
[SourceTitle "EXT 2014"]
[Source "ChessBase"]
[SourceDate "2013.11.20"]
[SourceVersion "1"]
[SourceVersionDate "2013.11.20"]
[SourceQuality "1"]
[WhiteTeam "Seoul"]
[BlackTeam "Erdenet"]
[WhiteTeamCountry "KOR"]
[BlackTeamCountry "MGL"]

1. e4 d5 2. exd5 Qxd5 3. Nc3 Qa5 4. d4 Nf6 5. Nf3 Bg4 6. Bc4 c6 7. Bd2 e6 8. Qe2 Qc7 9. h3 Bxf3 10. Qxf3 Nbd7 11. 0-0-0 0-0-0 12. Rhe1 Nb6 13. Bf4 Bd6 14. Bxd6 Rxd6 15. Bb3 Rhd8 16. Ne2 R6d7 17. c3 Nbd5 18. Kb1 Kb8 19. g3 a6 20. Nc1 Rf8 21. Nd3 Rdd8 22. Qe2 Nb6 23. f4 Nfd7 24. Qg4 g6 25. Qh4 h5 26. Qe7 Nc8 27. Qg5 Nd6 28. Ne5 Ka8 29. Nxf7 Rxf7 30. Qxg6 h4 31. Qg4 hxg3 32. Rxe6 Rff8 33. Qxg3 Nb6 34. Rf1 Ndc4 35. Re2 Rf6 36. Qd3 Nd6 37. f5 Rdf8 38. Bc2 Rxf5 39. Rfe1 Rf3 40. Qg6 Nd5 41. Qg4 Qb6 42. Bb3 R3f4 43. Qg3 Nf5 44. Re8+ Ka7 45. Qg6 Rxe8 46. Qxe8 Qc7 47. Bxd5 cxd5 48. Re5 Rf1+ 49. Kc2 Nxd4+ 50. Kd3 Qc4+ 51. Kd2 Nf3+ 0-1